| 000 -LEADER |
| fixed length control field |
01751cam a22003734a 4500 |
| 001 - CONTROL NUMBER |
| control field |
15115741 |
| 005 - DATE AND TIME OF LATEST TRANSACTION |
| control field |
20170124160308.0 |
| 008 - FIXED-LENGTH DATA ELEMENTS--GENERAL INFORMATION |
| fixed length control field |
071217s2008 ctua b 101 0 eng |
| 010 ## - LIBRARY OF CONGRESS CONTROL NUMBER |
| LC control number |
2007943412 |
| 015 ## - NATIONAL BIBLIOGRAPHY NUMBER |
| National bibliography number |
GBA875635 |
| Source |
bnb |
| 016 7# - NATIONAL BIBLIOGRAPHIC AGENCY CONTROL NUMBER |
| Record control number |
014640850 |
| Source |
Uk |
| 020 ## - INTERNATIONAL STANDARD BOOK NUMBER |
| International Standard Book Number |
9780300137040 (pbk.) |
| 020 ## - INTERNATIONAL STANDARD BOOK NUMBER |
| International Standard Book Number |
0300137044 (pbk.) |
| 035 ## - SYSTEM CONTROL NUMBER |
| System control number |
(OCoLC)ocn223872123 |
| 040 ## - CATALOGING SOURCE |
| Original cataloging agency |
UKM |
| Transcribing agency |
UKM |
| Modifying agency |
BTCTA |
| -- |
BAKER |
| -- |
YDXCP |
| -- |
BWX |
| -- |
CDX |
| -- |
NLF |
| -- |
DLC |
| 042 ## - AUTHENTICATION CODE |
| Authentication code |
ukblcatcopy |
| -- |
lccopycat |
| 043 ## - GEOGRAPHIC AREA CODE |
| Geographic area code |
a-cc--- |
| 050 00 - LIBRARY OF CONGRESS CALL NUMBER |
| Classification number |
NK1068 |
| Item number |
.R46 2008 |
| 245 00 - TITLE STATEMENT |
| Title |
Rethinking recarving : |
| Remainder of title |
ideals, practices, and problems of the "Wu Family Shrines" and Han China / |
| Statement of responsibility, etc. |
Cary Y. Liu ... [et al.] ; edited by Naomi Noble Richard. |
| 246 30 - VARYING FORM OF TITLE |
| Title proper/short title |
Ideals, practices, and problems of the 'Wu Family Shrines' and Han China |
| 260 ## - PUBLICATION, DISTRIBUTION, ETC. (IMPRINT) |
| Place of publication, distribution, etc. |
New Haven, Conn. ; |
| -- |
London : |
| Name of publisher, distributor, etc. |
Yale University Press, |
| Date of publication, distribution, etc. |
c2008. |
| 300 ## - PHYSICAL DESCRIPTION |
| Extent |
383 p. : |
| Other physical details |
ill. ; |
| Dimensions |
28 cm. |
| 490 0# - SERIES STATEMENT |
| Series statement |
Princeton University Art Museum monographs series |
| 504 ## - BIBLIOGRAPHY, ETC. NOTE |
| Bibliography, etc |
Includes bibliographical references and index. |
| 600 30 - SUBJECT ADDED ENTRY--PERSONAL NAME |
| Personal name |
Wu family |
| General subdivision |
Tombs |
| Form subdivision |
Congresses. |
| 650 #0 - SUBJECT ADDED ENTRY--TOPICAL TERM |
| Topical term or geographic name as entry element |
Decorative arts |
| Geographic subdivision |
China |
| General subdivision |
History |
| Chronological subdivision |
Qin-Han dynasties, 221 B.C.-220 A.D. |
| Form subdivision |
Congresses. |
| 650 #0 - SUBJECT ADDED ENTRY--TOPICAL TERM |
| Topical term or geographic name as entry element |
Art, Chinese |
| Chronological subdivision |
Qin-Han dynasties, 221 B.C.-220 A.D. |
| Form subdivision |
Congresses. |
| 651 #0 - SUBJECT ADDED ENTRY--GEOGRAPHIC NAME |
| Geographic name |
China |
| General subdivision |
History |
| Chronological subdivision |
Han dynasty, 202 B.C.-220 A.D. |
| Form subdivision |
Congresses. |
| 700 1# - ADDED ENTRY--PERSONAL NAME |
| Personal name |
Liu, Cary Y. |
| Fuller form of name |
(Cary Yee-Wei), |
| Dates associated with a name |
1955- |
| 700 1# - ADDED ENTRY--PERSONAL NAME |
| Personal name |
Richard, Naomi Noble. |
| 906 ## - LOCAL DATA ELEMENT F, LDF (RLIN) |
| a |
7 |
| b |
cbc |
| c |
copycat |
| d |
2 |
| e |
ncip |
| f |
20 |
| g |
y-gencatlg |
| 942 ## - ADDED ENTRY ELEMENTS (KOHA) |
| Source of classification or shelving scheme |
|
| Koha item type |
Hard Covered Materials |
| Classification part |
NK1068 .R46 2008 |